000 01717nam a2200253 a 4500
008 130801s2004 ||||||||||||||||| || u
020 _a9982260286
050 _aCOMESA(058)
110 _aCommon Market for Eastern and Southern Africa (COMESA)
245 1 0 _aBurundi country report
_cby Common Market for Eastern and Southern Africa [COMESA]
246 _aRegional case studies on access to the European Union market for goods and services
260 _aLusaka:
_bCommon Market for Eastern and Southern Africa (COMESA)
_c2004
300 _a14p.: ill.
490 _aRegional Case Studies on Access to the European Union Market for Goods and Services
650 _aEXPORT POTENTIAL SERVICES--EUROPEAN UNION--BURUNDI
650 _aBURUNDI--INTERNATIONAL TRADE
650 _aBURUNDI--INVESTMENT REPORT--EUROPEAN UNION
995 _aSPECIAL COLLECTIONS
_e907
_FCBU-MAIN LIBRARY (Kitwe)
_jCOMESA(058)BCR/2004E
_M5
_UAVAILABLE
_WAug 7, 2013
_yB907
_ZInternational Publications
995 _aSPECIAL COLLECTIONS
_e903
_FCBU-MAIN LIBRARY (Kitwe)
_jCOMESA(058)BCR/2004A
_M1
_UAVAILABLE
_WAug 7, 2013
_yB903
_ZInternational Publications
995 _aSPECIAL COLLECTIONS
_e904
_FCBU-MAIN LIBRARY (Kitwe)
_jCOMESA(058)BCR/2004B
_M2
_UAVAILABLE
_WAug 7, 2013
_yB904
_ZInternational Publications
995 _aSPECIAL COLLECTIONS
_e905
_FCBU-MAIN LIBRARY (Kitwe)
_jCOMESA(058)BCR/2004C
_M3
_UAVAILABLE
_WAug 7, 2013
_yB905
_ZInternational Publications
995 _aSPECIAL COLLECTIONS
_e978
_FCBU-MAIN LIBRARY (Kitwe)
_jCOMESA(058)BCR/2004F
_M6
_UAVAILABLE
_WSep 17, 2013
_yB978
_ZInternational Publications
995 _aSPECIAL COLLECTIONS
_e906
_FCBU-MAIN LIBRARY (Kitwe)
_jCOMESA(058)BCR/2004D
_M4
_UAVAILABLE
_WAug 7, 2013
_yB906
_ZInternational Publications
999 _c77849
_d77849